000 01104nam a22002415i 4500
001 53363
003 ES-MaACL
005 20250823063037.0
007 t|
008 950925s1878 sp ||||1| spa d
040 _aCAM
_bspa
_cCAM
080 _a669
100 1 _aEscosura Morrogh, Luis de la,
_d1821-1904
_9126953
245 1 0 _aHistoria del tratamiento metalúrgico del azogue en España /
_cpor Luis de la Escosura y Morrogh.
260 _aMadrid :
_b[s.n.],
_c1878 (
_fManuel Tello)
300 _a138, [2] p., [12] h. de lám. ;
_c28 cm.
500 _aMemoria premiada por la Escuela Especial de Ingenieros de Minas, con arreglo al programa inserto en la Gaceta de 20 de Mayo de 1876, para la adjudicación de premios por cuenta del legado hecho a la citada Escuela por José Gómez Pardo.
650 4 _aMercurio (Metal)-
_xMetalurgia.
_9136488
650 4 _aHornos metalúrgicos.
_9140773
852 _aES-MaACL
_jG-2997
852 _aES-MaACL
_jC-1621
_z.- Legado Federico de Botella y de Hornos
_z.- Dedicatoria autógrafa del autor a Federico de Botella
999 _c53363
_d53363